| 000 | 03444nam a22004697a 4500 | ||
|---|---|---|---|
| 003 | chap | ||
| 005 | 20230515181908.0 | ||
| 007 | ta | ||
| 008 | 230515s2018 mx o|||fr|||| 001 0 spa d | ||
| 020 | _a978-607-97851-8-5 | ||
| 040 |
_amxchpua _cCHAP _erda |
||
| 050 | 1 | 0 |
_aHD38.5 _b.S55 2018 |
| 082 | 0 | 0 |
_a658.5 _bS55 2018 _220 |
| 100 | 1 |
_9163542 _aSilvera Escudero, Rodolfo Enrique _eautor |
|
| 245 | 1 | 0 |
_aMacrologística internacional / _cRodolfo Enrique Silvera Escudero |
| 250 | _a1a edición | ||
| 264 |
_aMéxico : _bECO Ediciones, _c2018 |
||
| 300 |
_axvi, 206 páginas, _btablas, fotos |
||
| 336 |
_2rdacontent _atexto _btxt |
||
| 337 |
_2rdamedia _asin medio _bn |
||
| 338 |
_2rdacarrier _avolumen _bnc |
||
| 490 | 1 | _aCiencias empresariales. Logística (ECOE Ediciones) | |
| 504 | _aBibliografía: página 207 | ||
| 505 | 0 | _aTABLA DE CONTENIDO -- PRÓLOGO -- INTRODUCCIÓN -- CAPÍTULO 1. MACROLOGÍSTICA EN EL COMERCIO INTERNACIONAL Y EL MARKETING -- CAPÍTULO 2. POLÍTICAS DE ADUANAS APLICADAS A LA MACROLOGÍSTICA INTERNACIONAL -- CAPÍTULO 3. COSTOS DE EXPORTACIÓN E IMPORTACIÓN APLICADOS A LA MACROLOGÍSTICA INTERNACIONAL -- CAPÍTULO 4. TAREAS DE LA DISTRIBUCIÓN FÍSICA INTERNACIONAL CON PLUS MACROLOGÍSTICO -- CAPÍTULO 5. APLICACIÓN DEL SISTEMA ÁLGEBRAICO A LA MACROLOGÍSTICA INTERNACIONAL -- CAPÍTULO 6. LA MACROLOGÍSTICA INTERNACIONAL Y LA CADENA DE SUMINISTRO GLOBAL -- CAPÍTULO 7. EJERCICIOS GENERALES DE LOGÍSTICA INTERNACIONAL -- ANEXOS -- MODELOS DE MATRIZ DE MONITOREO Y CONTROL DE LOS PROCESOS LOGÍSTICOS -- MATRIZ DE MONITOREO Y CONTROL DE IMPORTACIÓN Y EXPORTACIÓN DE LA DFI -- FORMATO DE DECLARACIÓN DE IMPORTACIÓN -- BIBLIOGRAFÍA | |
| 520 | 2 | _aLa macrologística internacional es el análisis sistemático de los procesos de distribución física de mercancías, donde intervienen diferentes protagonistas, como importador o exportador, los operadores logísticos, transportistas, aseguradores, agentes de cargas, entre otros. Esta obra presenta un estudio general de tales procesos, a fin de asegurar el desplazamiento sin inconvenientes de las cargas a lo largo de la logística internacional. Aborda el marketing internacional para garantizar la distribución de los productos por los diferentes canales y analizar las oportunidades que brindan los mercados internacionales; teniendo en cuenta la economía abierta a los diferentes cambios tecnológicos y de infraestructura. Ofrece aplicaciones algebraicas y una serie de ejercicios aplicables a los procesos de la logística internacional. El libro va dirigido a estudiantes a nivel tecnológico y profesional en áreas afines a la distribución física internacional, negocios internaciones, comercio internacional, logística internacional. | |
| 650 | 1 | 3 |
_974925 _aMercados |
| 650 | 1 | 3 |
_9148164 _aMercadotecnia |
| 650 | 1 | 3 |
_9187015 _aCanales de mercadeo |
| 650 | 1 | 3 |
_9187016 _aEstudios de mercado |
| 650 | 1 | 3 |
_9161965 _aAnálisis de mercado |
| 650 | 1 | 3 |
_9157250 _aEstrategias comerciales |
| 650 | 1 | 3 |
_9186877 _aGestión comercial |
| 650 | 1 | 3 |
_9186708 _aMarkets |
| 650 | 1 | 3 |
_9148134 _aMarketing |
| 650 | 1 | 3 |
_9186879 _aMarketing channels |
| 650 | 1 | 3 |
_9187017 _aMarket surveys |
| 650 | 1 | 3 |
_9161966 _aMarket analysis |
| 650 | 1 | 3 |
_9157251 _aMarketing strategies |
| 650 | 1 | 3 |
_9157243 _aBusiness management |
| 830 |
_9163543 _aCiencias empresariales. Logística (ECOE Ediciones) |
||
| 942 |
_2ddc _cLibro |
||
| 999 |
_c218745 _d218745 |
||